Análisis económico-financiero / (Record no. 100997)

MARC details
000 -CABECERA
campo de control de longitud fija 00556nam a2200193 a 4500
005 - FECHA Y HORA DE LA ÚLTIMA TRANSACCIÓN
campo de control 20210223125116.0
008 - ELEMENTOS DE LONGITUD FIJA--INFORMACIÓN GENERAL
campo de control de longitud fija 030912s1997 mx r 000 0 spa d
020 ## - NÚMERO INTERNACIONAL NORMALIZADO PARA LIBROS
Número Internacional Estándar del Libro 8480881801
035 ## - NÚMERO DE CONTROL DEL SISTEMA
Número de control de sistema UPN01000128824
049 ## - COLECCIÓN
Colección CG
050 #4 - SIGNATURA TOPOGRÁFICA DE LA BIBLIOTECA DEL CONGRESO
Número de clasificación HF5681 B2
Número de documento/Ítem A6.2 1997
100 1# - ASIENTO PRINCIPAL--NOMBRE PERSONAL
Nombre de persona Amat Salas, Oriol
245 10 - MENCIÓN DE TÍTULO
Título Análisis económico-financiero /
Mención de responsabilidad, etc. Oriol Amat Salas.
250 ## - MENCIÓN DE EDICIÓN
Mención de edición 16a ed. ampl. y act.
260 ## - PUBLICACIÓN, DISTRIBUCIÓN, ETC.
Lugar de publicación, distribución, etc. Barcelona, Esp.:
Nombre del editor, distribuidor, etc. Gestión 2000,
Fecha de publicación, distribución, etc. 1997.
300 ## - DESCRIPCIÓN FÍSICA
Extensión 170 p. :
Otras características físicas cuadros, gráfs.
650 #4 - ASIENTO SECUNDARIO DE MATERIA - TERMINO TEMATICO
Término de materia o nombre geográfico como elemento de entrada ESTADOS FINANCIEROS
9 (RLIN) 8731
905 ## - TIPO DE MATERIAL
Tipo de material Libro
Holdings
Estado de retiro Estado de pérdida Fuente del sistema de clasificación o colocación Estado dañado No para préstamo Código de colección Localización permanente Ubicación/localización actual Ubicación en estantería Total de préstamos Clasificación Código de barras Fecha visto por última vez Número de copia Tipo de ítem Koha
    Library of Congress Classification     Colección General Bib. Gregorio Torres Quintero Bib. Gregorio Torres Quintero Planta baja 13 HF5681 B2 A6.2 1997 205359 31/12/2020 1 Libro